MARC details
| 000 -CABECERA |
| campo de control de longitud fija |
00797nam a2200193 a 4500 |
| 005 - FECHA Y HORA DE LA ÚLTIMA TRANSACCIÓN |
| campo de control |
20210223123424.0 |
| 008 - ELEMENTOS DE LONGITUD FIJA--INFORMACIÓN GENERAL |
| campo de control de longitud fija |
991125s1975 mx 000 0 spa u |
| 035 ## - NÚMERO DE CONTROL DEL SISTEMA |
| Número de control de sistema |
UPN01000053236 |
| 049 ## - COLECCIÓN |
| Colección |
CG |
| 050 #4 - SIGNATURA TOPOGRÁFICA DE LA BIBLIOTECA DEL CONGRESO |
| Número de clasificación |
HD320.5 |
| Número de documento/Ítem |
S4.8 |
| 111 2# - ASIENTO PRINCIPAL--NOMBRE DE REUNION |
| Nombre de congreso/reunión o jurisdicción como elemento de entrada |
Seminario Latinoamericano sobre Reforma Agraria y Colonización |
| Fecha del congreso/reunión |
(1971 : |
| Sede del congreso/Lugar de la reunión |
Chiclayo, Perú) |
| 245 10 - MENCIÓN DE TÍTULO |
| Título |
Seminario latinoamericano sobre reforma agraria y colonización / |
| Mención de responsabilidad, etc. |
[ed. por Jorge Martínez Ríos]. |
| 260 ## - PUBLICACIÓN, DISTRIBUCIÓN, ETC. |
| Lugar de publicación, distribución, etc. |
México : |
| Nombre del editor, distribuidor, etc. |
FAO : |
| -- |
UNAM, Instituto de Investigacioes Sociales, |
| Fecha de publicación, distribución, etc. |
1975. |
| 300 ## - DESCRIPCIÓN FÍSICA |
| Extensión |
630 p. |
| 500 ## - NOTA GENERAL |
| Nota general |
"Chiclayo, Perú, 29 de noviembre 5 de diciembre, 1971" |
| 650 #4 - ASIENTO SECUNDARIO DE MATERIA - TERMINO TEMATICO |
| Término de materia o nombre geográfico como elemento de entrada |
REFORMA AGRARIA - |
| Subdivisión geográfica |
AMERICA LATINA - |
| Subdivisión de forma |
DISCURSOS, ENSAYOS, CONFERENCIAS, ETC. |
| 700 1# - ASIENTO SECUNDARIO--NOMBRE DE PERSONAL |
| Nombre de persona |
Martínez Ríos, Jorge, |
| Fechas asociadas al nombre |
1930-1973 |
| Término indicativo de función/relación |
ed. |
| 9 (RLIN) |
31686 |
| 905 ## - TIPO DE MATERIAL |
| Tipo de material |
Libro |